000 00270 a2200145 4500
001 181576
020 _a
040 _cMagnum
100 _aZiraldo
240 1 0 _aBrasil
_lpor
245 1 0 _aBrasil
362 0 _a1899
697 _aMAGNITO: PARADIDATICO
942 _cBK
999 _c181576
_d181576